| 000 | 01317nam a22003497a 4500 | ||
|---|---|---|---|
| 003 | CHAP | ||
| 005 | 20220329143705.0 | ||
| 008 | 110201s2008 mx a r 00010 spa d | ||
| 010 | _a100394 | ||
| 011 | _a101366 | ||
| 020 | _a9789708260534 | ||
| 035 | _a112054 | ||
| 040 | _cCHAP | ||
| 082 | 0 | 4 |
_a595.789 _bM98 |
| 110 | 1 |
_aMéxico. Gobierno del Estado _977067 |
|
| 245 | 1 | 0 |
_aMariposa monarca : _bmaravilla de la naturaleza _c/por Gobierno del Estado de México |
| 260 |
_aToluca, Edo. de Méx. : _bGobierno del Estado de México, _c2008 |
||
| 300 |
_a97 p. : _bilus. |
||
| 490 |
_aBiblioteca Mexiquense del Bicentenario. _pColección Mayor. _pEstado de México: patrimonio de un pueblo |
||
| 590 |
_aBATCH-UPD _b10 _c20130110 _lUCH01 _h0858 |
||
| 590 |
_aBATCH-UPD _b10 _c20130410 _lUCH01 _h0528 |
||
| 590 |
_aBATCH-UPD _b10 _c20130914 _lUCH01 _h1300 |
||
| 590 |
_aCONVERSION _b10 _c20130109 _lUCH01 _h1355 |
||
| 650 | 1 | 4 |
_aÁreas protegidas. _982451 |
| 650 | 1 | 4 |
_aEcoturismo. _935298 |
| 650 | 1 | 4 |
_aMariposas. _971395 |
| 650 | 1 | 4 |
_aRecursos naturales _zMéxico (Edo.). _995330 |
| 830 |
_aBiblioteca Mexiquense del Bicentenario. _pColección Mayor. _pEstado de México: patrimonio de un pueblo _912425 |
||
| 901 | _aBK | ||
| 942 | _cLIBRO | ||
| 949 |
_a595.789 M98 _bBC _cLIBRO _d33724002233040 _eLIBRO _h114140 _i112054 _si |
||
| 999 |
_c100394 _d100394 |
||